[Event "Outaouais op"]
[Site "Hull CAN"]
[Date "1998.10.24"]
[Round "3"]
[White "Groleau, Gilles"]
[Black "Sarkar, Prosanto"]
[Result "1/2-1/2"]
[WhiteElo "1983"]
[BlackElo "2068"]
[PlyCount "124"]
[GameId "2160767911806190"]
[EventDate "1998.10.23"]
[EventType "swiss"]
[EventRounds "5"]
[EventCountry "CAN"]
[SourceTitle "EXT 2022"]
[Source "ChessBase"]
[SourceDate "2021.10.06"]
[SourceVersion "1"]
[SourceVersionDate "2021.10.06"]
[SourceQuality "1"]

1. e4 c5 2. Nf3 Nc6 3. Bb5 e6 4. O-O Nge7 5. Re1 a6 6. Bf1 d6 7. c3 Ng6 8. d4 cxd4 9. cxd4 Be7 10. Nc3 O-O 11. Be3 Nb8 12. Rc1 Nd7 13. Qd2 b5 14. a3 Nb6 15. d5 e5 16. Na2 f5 17. exf5 Bxf5 18. Nb4 Nd7 19. Nc6 Qe8 20. Nxe7+ Nxe7 21. Bg5 Nf6 22. Bxf6 Rxf6 23. Rc7 Rc8 24. Rxc8 Qxc8 25. Rc1 Qb7 26. Qa5 Nxd5 27. Qd8+ Kf7 28. Ng5+ Kg6 29. h4 Kh6 30. g3 Bg6 31. Bg2 Qb6 32. Qxb6 Nxb6 33. g4 Rf4 34. f3 Rc4 35. Rd1 Rd4 36. Rxd4 exd4 37. f4 Bc2 38. Nf7+ Kg6 39. Nxd6 Kf6 40. Kf2 Ke7 41. Be4 Bxe4 42. Nxe4 Nc4 43. Nc5 Nxb2 44. Nxa6 Kd6 45. Ke2 Kd5 46. Nc7+ Ke4 47. Nxb5 Nc4 48. f5 d3+ 49. Kf2 Kf4 50. Nd4 Kxg4 51. Ne6 Kxf5 52. Nxg7+ Ke5 53. a4 Kd4 54. Ne6+ Kc3 55. Nc5 d2 56. Ne4+ Kd4 57. Nxd2 Nxd2 58. a5 Nc4 59. Kf3 Ke5 60. Kg4 Kf6 61. a6 Kg6 62. a7 Nb6 1/2-1/2

[Event "Outaouais op"]
[Site "Hull CAN"]
[Date "1998.10.24"]
[Round "3"]
[White "Langlais, Daniel"]
[Black "Morin, Louis"]
[Result "1-0"]
[WhiteElo "1682"]
[BlackElo "1892"]
[PlyCount "75"]
[GameId "2160767911806193"]
[EventDate "1998.10.23"]
[EventType "swiss"]
[EventRounds "5"]
[EventCountry "CAN"]
[SourceTitle "hb 2013"]

1. d4 Nf6 2. c4 e6 3. Nc3 d5 4. Nf3 Be7 5. e3 O-O 6. Qc2 a6 7. a3 Nbd7 8. c5 c6 9. b4 a5 10. b5 cxb5 11. Bxb5 b6 12. c6 Nb8 13. O-O Qc7 14. Ne2 Bd7 15. Ne5 Rc8 16. Nxd7 Nfxd7 17. f4 Nxc6 18. Qd3 Na7 19. Bd2 Qc2 20. Rfc1 Qxd3 21. Rxc8+ Nxc8 22. Bxd3 Nd6 23. a4 Nc4 24. Bxc4 dxc4 25. Rb1 f5 26. Rb5 Kf7 27. h3 Rg8 28. Kf2 g5 29. g3 h6 30. Bc3 Bd8 31. d5 Nc5 32. dxe6+ Kxe6 33. Nd4+ Kd7 34. Ne2 Rg6 35. Bd4 Ne4+ 36. Kf3 g4+ 37. hxg4 fxg4+ 38. Kxe4 1-0

[Event "Outaouais op"]
[Site "Hull CAN"]
[Date "1998.10.24"]
[Round "3"]
[White "Leutschaft, Martin"]
[Black "Van Adel, Steven"]
[Result "1-0"]
[WhiteElo "2103"]
[BlackElo "1973"]
[PlyCount "101"]
[GameId "2160767911806194"]
[EventDate "1998.10.23"]
[EventType "swiss"]
[EventRounds "5"]
[EventCountry "CAN"]
[SourceTitle "EXT 2022"]
[Source "ChessBase"]
[SourceDate "2021.10.06"]
[SourceVersion "1"]
[SourceVersionDate "2021.10.06"]
[SourceQuality "1"]

1. e4 c5 2. Nf3 Nc6 3. c3 d5 4. exd5 Qxd5 5. d4 cxd4 6. cxd4 e5 7. Nc3 Bb4 8. Bd2 Bxc3 9. Bxc3 e4 10. Ne5 Nxe5 11. dxe5 Be6 12. Qxd5 Bxd5 13. Bb5+ Ke7 14. O-O-O Rd8 15. e6 Nf6 16. exf7 Kxf7 17. Kb1 a6 18. Be2 Rd7 19. Rd4 Rhd8 20. Ba5 Bxa2+ 21. Kxa2 Rxd4 22. Bxd8 Rxd8 23. Rd1 Rxd1 24. Bxd1 Ke6 25. Kb3 Nd5 26. Bg4+ Kd6 27. Bf5 Nf6 28. Kc4 g6 29. Bc8 Kc7 30. Be6 b6 31. Kd4 a5 32. Ke5 Nd7+ 33. Bxd7 Kxd7 34. Kxe4 Kc6 35. f4 Kc5 36. g4 b5 37. Ke5 Kc6 38. Ke6 Kc7 39. Kd5 b4 40. Kc5 b3 41. Kb5 Kd6 42. Kxa5 Kd5 43. Kb4 Ke4 44. Kxb3 Kxf4 45. Kc4 Kxg4 46. b4 h5 47. b5 Kh3 48. b6 Kxh2 49. b7 g5 50. b8=Q+ Kh3 51. Qe5 1-0

[Event "Outaouais op"]
[Site "Hull CAN"]
[Date "1998.10.24"]
[Round "3"]
[White "Mogilevsky, Olga"]
[Black "Djerkovic, Miladin"]
[Result "0-1"]
[WhiteElo "1786"]
[BlackElo "2316"]
[PlyCount "94"]
[GameId "2160767911806196"]
[EventDate "1998.10.23"]
[EventType "swiss"]
[EventRounds "5"]
[EventCountry "CAN"]
[SourceTitle "EXT 2022"]
[Source "ChessBase"]
[SourceDate "2021.10.06"]
[SourceVersion "1"]
[SourceVersionDate "2021.10.06"]
[SourceQuality "1"]

1. e4 c5 2. Nf3 d6 3. d4 cxd4 4. Nxd4 Nf6 5. Nc3 g6 6. Be3 Bg7 7. f3 O-O 8. Bc4 Nc6 9. Qd2 Bd7 10. O-O-O Ne5 11. Bb3 Rc8 12. h4 b5 13. g4 a5 14. a3 Nc4 15. Bxc4 bxc4 16. Kb1 Rb8 17. h5 Qb6 18. Qc1 Qc7 19. hxg6 fxg6 20. Bh6 Bxh6 21. Rxh6 e6 22. Nde2 Qc6 23. Rdh1 Rb7 24. Nd1 Qc5 25. Ka1 Rfb8 26. c3 Ba4 27. Nd4 Bxd1 28. Rxd1 Rxb2 29. Qxb2 Rxb2 30. Kxb2 e5 31. Nc2 d5 32. g5 Qb6+ 33. Kc1 Nh5 34. Rxd5 Qg1+ 35. Kb2 Qxg5 36. Rxh5 gxh5 37. Rxa5 h4 38. Ra8+ Kg7 39. Ra7+ Kh6 40. Ra6+ Kh5 41. Ra7 h6 42. Rf7 h3 43. f4 exf4 44. e5 h2 45. e6 h1=Q 46. e7 Qb7+ 47. Nb4 Qbxe7 0-1

[Event "Outaouais op"]
[Site "Hull CAN"]
[Date "1998.10.24"]
[Round "3"]
[White "Moss, Laurent"]
[Black "Weston, Paul"]
[Result "1/2-1/2"]
[WhiteElo "1896"]
[BlackElo "2058"]
[PlyCount "101"]
[GameId "2160767911806197"]
[EventDate "1998.10.23"]
[EventType "swiss"]
[EventRounds "5"]
[EventCountry "CAN"]
[SourceTitle "EXT 2022"]
[Source "ChessBase"]
[SourceDate "2021.10.06"]
[SourceVersion "1"]
[SourceVersionDate "2021.10.06"]
[SourceQuality "1"]

1. d4 d5 2. Nf3 Nf6 3. Bg5 e6 4. e3 Nbd7 5. Nbd2 Be7 6. Bd3 c5 7. c3 b6 8. Ne5 Nxe5 9. dxe5 Nd7 10. Bxe7 Qxe7 11. f4 Bb7 12. O-O O-O-O 13. Qe2 f6 14. exf6 gxf6 15. Ba6 Bxa6 16. Qxa6+ Kb8 17. a4 c4 18. b4 cxb3 19. Nxb3 Nc5 20. Nxc5 Qxc5 21. a5 b5 22. Rab1 Kc7 23. Rxb5 Qxe3+ 24. Kh1 Rb8 25. Rfb1 Rxb5 26. Qxb5 Rc8 27. Qb7+ Kd8 28. Qb4 Qc5 29. Qa4 Qxc3 30. h3 Qc2 31. Qb4 Qc5 32. Qb2 Qc3 33. Qb7 Qc7 34. Qb4 Qc5 35. Qb2 Qc3 36. Qb7 Qe3 37. Qb4 Rc1+ 38. Rxc1 Qxc1+ 39. Kh2 Kd7 40. Qd4 Qc7 41. a6 Ke7 42. Qb4+ Ke8 43. Qd4 Kf7 44. Qb4 Kg8 45. Qd4 Kg7 46. Qb4 Kg6 47. Qb1+ f5 48. Qb4 Qc4 49. Qb8 Qxa6 50. Qg8+ Kf6 51. Qf8+ 1/2-1/2

[Event "Outaouais op"]
[Site "Hull CAN"]
[Date "1998.10.24"]
[Round "3"]
[White "Seguin, Marc"]
[Black "Legault, Stephane"]
[Result "1/2-1/2"]
[WhiteElo "1148"]
[BlackElo "1393"]
[PlyCount "123"]
[GameId "2160767911806198"]
[EventDate "1998.10.23"]
[EventType "swiss"]
[EventRounds "5"]
[EventCountry "CAN"]
[SourceTitle "EXT 2022"]
[Source "ChessBase"]
[SourceDate "2021.10.06"]
[SourceVersion "1"]
[SourceVersionDate "2021.10.06"]
[SourceQuality "1"]

1. d4 Nf6 2. Nf3 d5 3. g3 Nc6 4. Bg2 Bf5 5. O-O e6 6. Bg5 Be7 7. e3 O-O 8. Nbd2 Ne4 9. Bxe7 Nxe7 10. Nxe4 Bxe4 11. Nd2 Bg6 12. c4 c6 13. cxd5 cxd5 14. Rc1 Qd7 15. Nf3 Nc6 16. Qd2 Rac8 17. Nh4 Ne7 18. Nxg6 Nxg6 19. Rxc8 Rxc8 20. Rc1 Rc6 21. Rxc6 Qxc6 22. h3 Ne7 23. Kh2 a6 24. Qa5 Ng6 25. Qc5 Ne5 26. b4 Nd3 27. Qxc6 bxc6 28. a3 Nxf2 29. Bf1 Nd1 30. Bxa6 Nxe3 31. Bd3 Nc4 32. a4 Nb6 33. a5 Nc8 34. b5 cxb5 35. Bxb5 Kf8 36. Bd7 Na7 37. a6 Ke7 38. Ba4 Kd8 39. g4 h6 40. Kg3 Kc7 41. Be8 f6 42. Bf7 Kd6 43. h4 e5 44. dxe5+ fxe5 45. Kf3 Kc5 46. Bg6 Kd4 47. Ke2 Kc5 48. Kd3 Kb6 49. Bf7 Kc5 50. g5 hxg5 51. hxg5 Kd6 52. Bg6 e4+ 53. Kd4 Nc6+ 54. Ke3 Ke5 55. Be8 Na7 56. Ba4 d4+ 57. Ke2 Kf5 58. Bc2 d3+ 59. Bxd3 exd3+ 60. Kxd3 Kxg5 61. Ke3 Kf6 62. Kf4 1/2-1/2

[Event "Outaouais op"]
[Site "Hull CAN"]
[Date "1998.10.25"]
[Round "4"]
[White "Charbonneau, Anne-Marie"]
[Black "Morin, Louis"]
[Result "0-1"]
[WhiteElo "1558"]
[BlackElo "1892"]
[PlyCount "62"]
[GameId "2160767911806199"]
[EventDate "1998.10.23"]
[EventType "swiss"]
[EventRounds "5"]
[EventCountry "CAN"]
[SourceTitle "hb 2013"]

1. d4 Nf6 2. c4 e6 3. Nc3 d5 4. e3 Be7 5. Nf3 O-O 6. Bd3 Nbd7 7. O-O a6 8. Bd2 dxc4 9. Bxc4 c5 10. dxc5 Nxc5 11. Qc2 b5 12. Be2 Bb7 13. Rfd1 Rc8 14. Qb1 b4 15. Be1 Qb6 16. Rd4 bxc3 17. Bxc3 Nce4 18. Ne5 Bc5 19. Nc4 Nxc3 20. Nxb6 Nxe2+ 21. Kf1 Nxd4 22. Nxc8 Be4 23. Qd1 Bc2 24. Qd2 Ne4 25. Qa5 Bd3+ 26. Kg1 Ne2+ 27. Kf1 Rxc8 28. Re1 Bb6 29. Qb4 a5 30. Qxe4 Ng3+ 31. Kg1 Nxe4 0-1

[Event "Outaouais op"]
[Site "Hull CAN"]
[Date "1998.10.25"]
[Round "4"]
[White "Djerkovic, Miladin"]
[Black "Collins, Chris"]
[Result "1-0"]
[WhiteElo "2316"]
[BlackElo "2129"]
[PlyCount "51"]
[GameId "2160767911806200"]
[EventDate "1998.10.23"]
[EventType "swiss"]
[EventRounds "5"]
[EventCountry "CAN"]
[SourceTitle "EXT 2022"]
[Source "ChessBase"]
[SourceDate "2021.10.06"]
[SourceVersion "1"]
[SourceVersionDate "2021.10.06"]
[SourceQuality "1"]

1. e4 e5 2. Nf3 Nc6 3. Bb5 Nf6 4. O-O Nxe4 5. d4 Nd6 6. Bxc6 bxc6 7. dxe5 Nb7 8. c4 Be7 9. Nc3 O-O 10. Bf4 Nc5 11. Nd4 Ne6 12. Nxe6 fxe6 13. Qg4 Qe8 14. Rad1 Qf7 15. Bg3 Rb8 16. b3 Qf5 17. Qd4 Ra8 18. Ne4 a5 19. c5 Qh5 20. Rfe1 Qf5 21. Re3 Qh5 22. Rc1 Bg5 23. f4 Bh4 24. Bxh4 Qxh4 25. f5 Qh6 26. f6 1-0

[Event "Outaouais op"]
[Site "Hull CAN"]
[Date "1998.10.25"]
[Round "4"]
[White "Gagnon, Fabien"]
[Black "Bussiere, Denis"]
[Result "1-0"]
[WhiteElo "2015"]
[BlackElo "1666"]
[PlyCount "75"]
[GameId "2160767911806201"]
[EventDate "1998.10.23"]
[EventType "swiss"]
[EventRounds "5"]
[EventCountry "CAN"]
[SourceTitle "EXT 2022"]
[Source "ChessBase"]
[SourceDate "2021.10.06"]
[SourceVersion "1"]
[SourceVersionDate "2021.10.06"]
[SourceQuality "1"]

1. e4 c6 2. d4 d5 3. Nd2 dxe4 4. Nxe4 Bf5 5. Ng3 Bg6 6. Nf3 Nd7 7. h4 h6 8. h5 Bh7 9. Bd3 Bxd3 10. Qxd3 Qc7 11. Bd2 e6 12. O-O-O Ngf6 13. c4 O-O-O 14. Qe2 Bd6 15. Ne4 Nxe4 16. Qxe4 Nf6 17. Qe2 c5 18. Kb1 a6 19. g3 cxd4 20. Nxd4 Bxg3 21. Nb3 Bf4 22. Bc3 e5 23. c5 Rxd1+ 24. Rxd1 Re8 25. Ba5 Qc6 26. Ka1 Qe4 27. Qf1 Qc6 28. Qc4 Qe6 29. Qd3 Nd7 30. Qc3 Qc6 31. Qc4 Re6 32. Qc2 Re8 33. a3 Bg5 34. Rd6 Qh1+ 35. Ka2 Nb8 36. Qf5+ Re6 37. Qxf7 Rxd6 38. Qc7# 1-0

[Event "Outaouais op"]
[Site "Hull CAN"]
[Date "1998.10.25"]
[Round "4"]
[White "Sikharulidze, Giorgi"]
[Black "Leutschaft, Martin"]
[Result "1/2-1/2"]
[WhiteElo "2393"]
[BlackElo "2103"]
[PlyCount "118"]
[GameId "2160767911806205"]
[EventDate "1998.10.23"]
[EventType "swiss"]
[EventRounds "5"]
[EventCountry "CAN"]

1. Nf3 Nf6 2. c4 c5 3. d4 cxd4 4. Nxd4 e5 5. Nb5 d5 6. cxd5 Bc5 7. e3 O-O 8. N5c3 e4 9. Be2 Qe7 10. O-O Rd8 11. Nd2 Bf5 12. Nc4 Nc6 13. a3 Ne5 14. b4 Nxc4 15. bxc5 Qxc5 16. g4 Bg6 17. Qd4 Qxd4 18. exd4 Nb6 19. Bg5 Nbxd5 20. Nxd5 Rxd5 21. Be3 Rdd8 22. h4 h5 23. g5 Nd5 24. Bc4 Rac8 25. Rac1 Bf5 26. Bxd5 Rxd5 27. Rxc8+ Bxc8 28. Rc1 Bd7 29. Kg2 Bc6 30. Kg3 Kf8 31. Kf4 g6 32. Kxe4 Rc5+ 33. Kf4 Rf5+ 34. Kg3 Ke8 35. Bf4 Kd7 36. Rc3 Rd5 37. Be5 Rb5 38. Re3 Bd5 39. Bb8 a6 40. Ba7 Rb1 41. Kf4 Rb3 42. Ke5 Be6 43. d5 Rxe3+ 44. fxe3 Bh3 45. Bc5 Bg2 46. e4 Bf3 47. Bb6 Bg2 48. a4 Bf3 49. a5 Bg2 50. Bc5 Bf3 51. Kd4 Bg2 52. Bb4 Bf3 53. Ke5 Bg2 54. Kf6 Bxe4 55. Kxf7 Bd3 56. Kf6 Be4 57. Ke5 Bf3 58. Kf6 Be4 59. Ke5 Bc2 1/2-1/2

[Event "Outaouais op"]
[Site "Hull CAN"]
[Date "1998.10.25"]
[Round "4"]
[White "Taylor, Gordon"]
[Black "Khassanov, Marat"]
[Result "1/2-1/2"]
[WhiteElo "2388"]
[BlackElo "2452"]
[PlyCount "36"]
[GameId "2160767911806206"]
[EventDate "1998.10.23"]
[EventType "swiss"]
[EventRounds "5"]
[EventCountry "CAN"]
[SourceTitle "EXT 2022"]
[Source "ChessBase"]
[SourceDate "2021.10.06"]
[SourceVersion "1"]
[SourceVersionDate "2021.10.06"]
[SourceQuality "1"]

1. d4 d5 2. c4 e6 3. Nc3 Bb4 4. e3 Nf6 5. Bd3 O-O 6. Nf3 b6 7. O-O Bb7 8. Bd2 Nbd7 9. a3 Bd6 10. cxd5 exd5 11. Nb5 Be7 12. Qc2 c5 13. Ne5 c4 14. Bf5 g6 15. Bh3 Nxe5 16. dxe5 Ne4 17. Bc3 Bc8 18. Bxc8 Qxc8 1/2-1/2

[Event "Outaouais op"]
[Site "Hull CAN"]
[Date "1998.10.25"]
[Round "4"]
[White "Van Adel, Steven"]
[Black "Goldenberg, Danny"]
[Result "0-1"]
[WhiteElo "1973"]
[BlackElo "2292"]
[PlyCount "80"]
[GameId "2160767911806207"]
[EventDate "1998.10.23"]
[EventType "swiss"]
[EventRounds "5"]
[EventCountry "CAN"]
[SourceTitle "EXT 2022"]
[Source "ChessBase"]
[SourceDate "2021.10.06"]
[SourceVersion "1"]
[SourceVersionDate "2021.10.06"]
[SourceQuality "1"]

1. Nf3 g6 2. g3 Bg7 3. Bg2 e5 4. d3 d5 5. Nbd2 Ne7 6. O-O O-O 7. e4 c6 8. Re1 Qc7 9. b3 d4 10. Bb2 c5 11. c3 dxc3 12. Bxc3 Nbc6 13. Rc1 Rd8 14. Qc2 Qd7 15. Nc4 f6 16. Rcd1 b5 17. Ne3 Nd4 18. Qb2 Nxf3+ 19. Bxf3 b4 20. Bd2 Ba6 21. Bc1 h5 22. h4 Kh7 23. Nc4 Bh6 24. Be3 Bxe3 25. fxe3 Qh3 26. Qf2 Bxc4 27. dxc4 Kg7 28. Rf1 Qe6 29. Kh2 a5 30. a4 bxa3 31. Qa2 a4 32. bxa4 Rxd1 33. Bxd1 Nc6 34. Bb3 Rd8 35. Rf2 Rd3 36. Qxa3 Rxe3 37. Qb2 Qg4 38. Rg2 Nd4 39. Bd1 Qxd1 40. Qb7+ Kh6 0-1

[Event "Outaouais op"]
[Site "Hull CAN"]
[Date "1998.10.25"]
[Round "5"]
[White "Gagnon, Fabien"]
[Black "Arseneau, Peter"]
[Result "1-0"]
[WhiteElo "2015"]
[BlackElo "1702"]
[PlyCount "35"]
[GameId "2160767911806208"]
[EventDate "1998.10.23"]
[EventType "swiss"]
[EventRounds "5"]
[EventCountry "CAN"]
[SourceTitle "EXT 2022"]
[Source "ChessBase"]
[SourceDate "2021.10.06"]
[SourceVersion "1"]
[SourceVersionDate "2021.10.06"]
[SourceQuality "1"]

1. e4 e5 2. Nf3 Nc6 3. Bb5 Nf6 4. O-O d6 5. Re1 Bd7 6. c3 Be7 7. d4 a6 8. Ba4 b5 9. Bb3 Bg4 10. Qd3 O-O 11. Nbd2 Qd7 12. a4 Na5 13. Bc2 c6 14. dxe5 dxe5 15. Nxe5 Qxd3 16. Bxd3 Be6 17. axb5 axb5 18. Rxa5 1-0

[Event "Outaouais op"]
[Site "Hull CAN"]
[Date "1998.10.25"]
[Round "5"]
[White "Morin, Louis"]
[Black "Archambault, Serge"]
[Result "1/2-1/2"]
[WhiteElo "1892"]
[BlackElo "1719"]
[PlyCount "105"]
[GameId "2160767911806210"]
[EventDate "1998.10.23"]
[EventType "swiss"]
[EventRounds "5"]
[EventCountry "CAN"]
[SourceTitle "EXT 2022"]
[Source "ChessBase"]
[SourceDate "2021.10.06"]
[SourceVersion "1"]
[SourceVersionDate "2021.10.06"]
[SourceQuality "1"]

1. e4 c5 2. d4 cxd4 3. c3 dxc3 4. Nxc3 e6 5. Nf3 Nc6 6. Bc4 a6 7. O-O h6 8. Qe2 b5 9. Bb3 Nf6 10. e5 Nh7 11. Rd1 Be7 12. Ne4 O-O 13. Be3 Qc7 14. Rac1 Bb7 15. Bc5 Bxc5 16. Rxc5 Rad8 17. Nd6 Qb6 18. Rdc1 Ne7 19. Nd4 Bd5 20. Bxd5 Nxd5 21. Qg4 f5 22. Qg6 Ne7 23. Qg3 Ng5 24. Qb3 Ng6 25. N4xf5 Kh8 26. Nc8 Rxc8 27. Rxc8 exf5 28. Rxf8+ Nxf8 29. Rc8 Nge6 30. Qc2 Qd4 31. Qe2 g6 32. g3 Kg7 33. Rc3 Ng5 34. Rd3 Qc4 35. b3 Qc6 36. h4 Ne4 37. Kh2 Qc5 38. f3 Nc3 39. Qb2 b4 40. a3 a5 41. axb4 axb4 42. f4 Qc6 43. Rd6 Qf3 44. Qg2 Qe3 45. Qb7 Ne4 46. Rxd7+ Kh8 47. Rh7+ Nxh7 48. Qc8+ Kg7 49. Qd7+ Kg8 50. Qe6+ Kf8 51. Qc8+ Ke7 52. Qc7+ Ke8 53. Qc8+ 1/2-1/2

[Event "Outaouais op"]
[Site "Hull CAN"]
[Date "1998.10.25"]
[Round "5"]
[White "Weston, Paul"]
[Black "Taylor, Gordon"]
[Result "0-1"]
[WhiteElo "2074"]
[BlackElo "2388"]
[PlyCount "40"]
[GameId "2160767911806212"]
[EventDate "1998.10.23"]
[EventType "swiss"]
[EventRounds "5"]
[EventCountry "CAN"]
[SourceTitle "EXT 2022"]
[Source "ChessBase"]
[SourceDate "2021.10.06"]
[SourceVersion "1"]
[SourceVersionDate "2021.10.06"]
[SourceQuality "1"]

1. c4 c5 2. Nf3 Nf6 3. Nc3 d5 4. cxd5 Nxd5 5. e4 Nb4 6. d3 N8c6 7. a3 Na6 8. Be3 e5 9. Be2 Be7 10. O-O Be6 11. Rc1 O-O 12. Nd2 Qd7 13. Nc4 Rad8 14. Qe1 f6 15. f3 Nd4 16. Bd1 b5 17. Na5 Rc8 18. Qf2 Bd8 19. b4 cxb4 20. axb4 Nxb4 0-1

[Event "Outaouais op U1600"]
[Site "Hull CAN"]
[Date "1998.10.23"]
[Round "1"]
[White "Bailey, Yannick"]
[Black "Legault, Stephane"]
[Result "0-1"]
[WhiteElo "1163"]
[BlackElo "1393"]
[PlyCount "80"]
[GameId "2160767911806213"]
[EventDate "1998.10.23"]
[EventType "swiss"]
[EventRounds "5"]
[EventCountry "CAN"]

1. c4 c5 2. Nc3 Nc6 3. Nf3 g6 4. d3 Bg7 5. Bd2 d6 6. g3 Nf6 7. Bg2 O-O 8. O-O e6 9. Bg5 h6 10. Bxf6 Bxf6 11. Qd2 Bg7 12. Ne4 Rb8 13. Rab1 b5 14. cxb5 Rxb5 15. Nc3 Rb7 16. Ne1 d5 17. Na4 Qe7 18. Rc1 Bd7 19. b3 Rb5 20. Nc2 Nb4 21. Na3 Ra5 22. Nc2 Bxa4 23. bxa4 Rxa4 24. Nxb4 cxb4 25. Qc2 Ra3 26. Rb1 Bc3 27. Rb3 Rxb3 28. Qxb3 a5 29. Rb1 Qd7 30. a4 Rc8 31. Rc1 Bd2 32. Rc2 Rxc2 33. Qxc2 Bc3 34. e3 Qb7 35. Qb3 Qc7 36. Bf1 Bd2 37. Qd1 Qc3 38. d4 b3 39. Qb1 b2 40. Bd3 Qc1+ 0-1

[Event "Outaouais op U1600"]
[Site "Hull CAN"]
[Date "1998.10.23"]
[Round "1"]
[White "Hebert, Yves"]
[Black "Marchand, Steve"]
[Result "1-0"]
[WhiteElo "1294"]
[BlackElo "1004"]
[PlyCount "91"]
[GameId "2160767911806214"]
[EventDate "1998.10.23"]
[EventType "swiss"]
[EventRounds "5"]
[EventCountry "CAN"]

1. c4 g6 2. g3 Bg7 3. Bg2 d6 4. e4 c6 5. Nc3 Qb6 6. Nge2 Be6 7. d3 Nd7 8. O-O Ngf6 9. h3 Rd8 10. Na4 Qc7 11. Rb1 d5 12. Nf4 dxe4 13. Nxe6 fxe6 14. dxe4 Nb6 15. Qc2 Nxa4 16. Qxa4 a6 17. Be3 O-O 18. Rfd1 Rxd1+ 19. Rxd1 Qe5 20. Bd4 Qc7 21. c5 Rd8 22. Qc4 Qc8 23. e5 Ne8 24. b4 Bxe5 25. Qc3 Bf6 26. Qa1 Nc7 27. Bxf6 Rxd1+ 28. Qxd1 exf6 29. Kh2 Nb5 30. Qa1 Kf7 31. Bf1 Qd8 32. a4 Nc7 33. Qb2 Qd1 34. Kg2 Qxa4 35. Qd2 Ke7 36. Qd6+ Ke8 37. Qxc7 Qxb4 38. Qb8+ Kf7 39. Qc7+ Kg8 40. Qd6 Kg7 41. Qxe6 Qxc5 42. Qd7+ Kh6 43. Qd2+ Qg5 44. Qd8 a5 45. Qf8+ Kh5 46. Be2+ 1-0

[Event "Outaouais op U1600"]
[Site "Hull CAN"]
[Date "1998.10.25"]
[Round "5"]
[White "Gagnon, Justin"]
[Black "Legault, Stephane"]
[Result "0-1"]
[WhiteElo "1495"]
[BlackElo "1539"]
[PlyCount "108"]
[GameId "2160767911806216"]
[EventDate "1998.10.23"]
[EventType "swiss"]
[EventRounds "5"]
[EventCountry "CAN"]

1. e4 e5 2. Nf3 Nf6 3. Nxe5 Qe7 4. d4 d6 5. Nf3 Qxe4+ 6. Qe2 Bf5 7. c3 Be7 8. Qxe4 Bxe4 9. Nbd2 Bc6 10. Bd3 O-O 11. O-O Nbd7 12. c4 d5 13. Re1 Rfe8 14. b3 Bb4 15. Bb2 dxc4 16. Rxe8+ Rxe8 17. Bxc4 Bxf3 18. Nxf3 Nb6 19. Ne5 Nxc4 20. bxc4 c5 21. a3 Ba5 22. dxc5 Bc7 23. Re1 Nd7 24. f4 f6 25. Nd3 Rxe1+ 26. Nxe1 Bxf4 27. Bd4 Bc1 28. a4 Ba3 29. Nd3 a6 30. Kf2 Kf7 31. Ke3 Nb8 32. Ke4 Nc6 33. Be3 a5 34. Kd5 Ke7 35. Bf4 Kd7 36. h4 Nb4+ 37. Nxb4 axb4 38. Kd4 Kc6 39. Bd6 Bb2+ 40. Kd3 Be5 41. Be7 Bb8 42. Bf8 g6 43. g4 f5 44. gxf5 gxf5 45. Kd4 Be5+ 46. Kxe5 b3 47. Kxf5 b2 48. h5 b1=Q+ 49. Kg5 Qc1+ 50. Kf6 h6 51. Kf7 Qg5 52. Ke8 Qxh5+ 53. Kd8 Qf7 54. Be7 h5 0-1

[Event "Outaouais op U2000"]
[Site "Hull CAN"]
[Date "1998.10.23"]
[Round "1"]
[White "Cloutier, Richard"]
[Black "Menard, Marc"]
[Result "1-0"]
[WhiteElo "1807"]
[BlackElo "1534"]
[PlyCount "37"]
[GameId "2160767911806217"]
[EventDate "1998.10.23"]
[EventType "swiss"]
[EventRounds "5"]
[EventCountry "CAN"]

1. e4 e5 2. Nf3 Nc6 3. Bb5 a6 4. Ba4 b5 5. Bb3 Nf6 6. O-O Be7 7. Re1 O-O 8. c3 d5 9. exd5 Nxd5 10. Nxe5 Nxe5 11. Rxe5 Bb7 12. Qf3 c6 13. d4 Qd6 14. Nd2 Rad8 15. Ne4 Qg6 16. Ng3 Bf6 17. Re2 Rfe8 18. Bc2 Rxe2 19. Qxe2 1-0

[Event "Outaouais op U2000"]
[Site "Hull CAN"]
[Date "1998.10.23"]
[Round "1"]
[White "Gould, Charles"]
[Black "Tessier, Olivier"]
[Result "1-0"]
[WhiteElo "1901"]
[BlackElo "1671"]
[PlyCount "127"]
[GameId "2160767911806218"]
[EventDate "1998.10.23"]
[EventType "swiss"]
[EventRounds "5"]
[EventCountry "CAN"]

1. d4 c5 2. d5 e5 3. c4 d6 4. Nc3 Nf6 5. e4 Be7 6. Nge2 O-O 7. Ng3 Nbd7 8. Be2 Re8 9. Be3 Nf8 10. a3 Ng6 11. b4 b6 12. Rb1 a5 13. bxc5 bxc5 14. O-O Bd7 15. Qd2 Qc7 16. Nb5 Bxb5 17. Rxb5 Reb8 18. Rfb1 Bd8 19. Bg5 Rxb5 20. cxb5 a4 21. f3 Nd7 22. Nf5 Nb6 23. h4 Ne7 24. Nxg7 Kxg7 25. Bf6+ Kf8 26. Qh6+ Ke8 27. Qxh7 Ng6 28. Qg8+ Nf8 29. Bg7 Qe7 30. h5 f5 31. h6 Ra7 32. h7 Qxg7 33. h8=Q Qxh8 34. Qxh8 Rh7 35. Qg8 Bf6 36. Qg3 Bh4 37. Qg8 Bf6 38. g4 Rg7 39. Qxg7 Bxg7 40. exf5 Bf6 41. Kg2 Nfd7 42. Bd1 Nxd5 43. Kg3 Nc3 44. Rc1 Nxd1 45. Rxd1 Ke7 46. f4 exf4+ 47. Kxf4 Be5+ 48. Kg5 c4 49. Kg6 Nf8+ 50. Kh5 Bb2 51. g5 c3 52. Re1+ Kd7 53. Re2 Bxa3 54. g6 Bc5 55. g7 Nh7 56. Kg6 Nf6 57. Kxf6 Bd4+ 58. Kf7 Bxg7 59. Kxg7 d5 60. f6 d4 61. f7 d3 62. Re3 d2 63. Rd3+ Ke6 64. f8=Q 1-0

[Event "Outaouais op U2000"]
[Site "Hull CAN"]
[Date "1998.10.25"]
[Round "4"]
[White "Raletich, George"]
[Black "Angers, Gilles"]
[Result "0-1"]
[WhiteElo "1936"]
[BlackElo "1970"]
[PlyCount "160"]
[GameId "2160767911806219"]
[EventDate "1998.10.23"]
[EventType "swiss"]
[EventRounds "5"]
[EventCountry "CAN"]

1. d4 Nf6 2. Nf3 g6 3. c4 c5 4. e3 Bg7 5. Nc3 O-O 6. Be2 Nc6 7. O-O cxd4 8. exd4 d5 9. h3 dxc4 10. Bxc4 e6 11. Bg5 Qb6 12. Rb1 Ne7 13. Bd3 Ned5 14. a3 Bd7 15. Ne2 Rac8 16. Qd2 Bb5 17. Rfd1 Bxd3 18. Qxd3 Rc7 19. Nd2 Rfc8 20. Nb3 Nd7 21. Bd2 Qd6 22. Ng3 N7f6 23. Bb4 Qf4 24. Bd2 Qh4 25. Rbc1 Rxc1 26. Rxc1 Rxc1+ 27. Bxc1 Nh5 28. Ne2 Nhf6 29. Nd2 Nf4 30. Nxf4 Qxf4 31. Nb3 Qe4 32. Qxe4 Nxe4 33. f3 Ng3 34. Kf2 Nf5 35. Be3 b6 36. g4 Ne7 37. Nd2 Nc6 38. Nb3 Kf8 39. Ke2 Ke7 40. Kd3 Kd7 41. Nd2 Ne7 42. Ne4 Nd5 43. Bd2 h6 44. h4 Kc6 45. f4 f5 46. gxf5 exf5 47. Ng3 h5 48. Ne2 Bf6 49. Be1 Be7 50. Bf2 Bd6 51. Be3 a5 52. Bd2 Be7 53. Be1 Bd6 54. Bd2 Be7 55. Be1 Bd8 56. Bf2 b5 57. b3 Nf6 58. Be1 Nd5 59. Bf2 Be7 60. a4 bxa4 61. bxa4 Bd6 62. Bg3 Nb6 63. Nc3 Bb4 64. Na2 Nxa4 65. Nxb4+ axb4 66. Kc4 Nb6+ 67. Kxb4 Kd5 68. Bh2 Ke4 69. Kc5 Nd5 70. Bg3 Nf6 71. Bh2 Kf3 72. Bg1 Kxf4 73. d5 Ne4+ 74. Kc6 Kg3 75. d6 Nxd6 76. Kxd6 Kxh4 77. Ke5 Kg3 78. Kf6 f4 79. Kxg6 h4 80. Kg5 h3 0-1